[Event "7th Novi Sad it"]
[Site "Novi Sad"]
[Date "1978.10.16"]
[EventDate "1978.10.02"]
[Round "13.3"]
[White "Jovic, Ljubomir"]
[Black "Jansa, Vlastimil"]
[Result "1-0"]
[WhiteElo "2325"]
[BlackElo "2505"]
[PlyCount "154"]
[Source "Perpetual Check"]

1. e4 c5 2. f4 Nc6 3. Nf3 e6 4. Nc3 d6 5. g3 Nf6 6. Bg2 Be7 7. O-O O-O 8. d3 d5
9. e5 Ne8 10. g4 f5 11. gxf5 Rxf5 12. Ne2 g6 13. c4 d4 14. Ng3 Rf8 15. Ne1 Bd7
16. Qg4 Ng7 17. Be4 Kh8 18. Bd2 Nf5 19. Ng2 Rb8 20. b3 a6 21. Rae1 b5 22. Rf3
Rg8 23. Nf1 Rg7 24. Rh3 bxc4 25. dxc4 a5 26. Qd1 Qc7 27. Ng3 Re8 28. Re2 Rb8
29. Ne1 Nb4 30. a3 Nc6 31. Rg2 Qb6 32. Nxf5 exf5 33. Bd5 Nd8 34. Rd3 Qa6 35. a4
Nc6 36. Nf3 Nb4 37. Bxb4 Rxb4 38. h4 h5 39. Ng5 Bxg5 40. Rxg5 Be6 41. Qf3 Kh7
42. Rg2 Rb6 43. Kh2 Qc8 44. Qg3 Qd7 45. Bf3 Rg8 46. Qe1 Ra6 47. Rg5 Bf7 48. Qe2
Rb6 49. Qg2 Rbb8 50. Bc6 Qe7 51. Rdg3 Rbd8 52. Bd5 Qd7 53. Qe2 Bxd5 54. Qxh5+
Kg7 55. Rxg6+ Kf8 56. Qh6+ Ke7 57. Rg7+ Rxg7 58. Rxg7+ Bf7 59. Qf6+ Ke8 60. Rh7
Qe7 61. Qc6+ Kf8 62. Qh6+ Ke8 63. Qc6+ Kf8 64. Qg2 Qe6 65. Qg5 Re8 66. Rh6 Re7
67. Rxe6 Bxe6 68. Qf6+ Ke8 69. Qh8+ Kf7 70. Qd8 Bd7 71. Qxa5 Bc6 72. Qd8 Bd7
73. Kg3 Bc6 74. Kf2 Be4 75. Qd6 Re6 76. Qc7+ Re7 77. Qxc5 d3 1-0

[Event "7th Novi Sad it"]
[Site "Novi Sad"]
[Date "1978.10.16"]
[EventDate "1978.10.02"]
[Round "13.4"]
[White "Bjelajac, Milan"]
[Black "Geller, Efim"]
[Result "0-1"]
[WhiteElo "2415"]
[BlackElo "2590"]
[PlyCount "81"]
[Source "Perpetual Check"]

1. e4 e5 2. Nf3 Nc6 3. Bb5 a6 4. Ba4 Nf6 5. O-O Be7 6. Bxc6 dxc6 7. Nc3 Nd7 8.
d4 exd4 9. Qxd4 O-O 10. Bf4 Nc5 11. Qe3 Ne6 12. Rad1 Qe8 13. Bg3 Bc5 14. Qe2 a5
15. e5 b6 16. Ne4 Be7 17. Rfe1 c5 18. c3 Ba6 19. Qe3 Rd8 20. Rxd8 Qxd8 21. Nfd2
Qd3 22. f4 Qxe3+ 23. Rxe3 g6 24. Nf6+ Kg7 25. Nde4 Rd8 26. Re1 Bb7 27. h3 c4
28. Kh2 h6 29. Re2 Rd1 30. h4 h5 31. Ng5 Bxf6 32. exf6+ Kxf6 33. Nxe6 fxe6 34.
Bf2 c5 35. Be3 Kf5 36. Kg3 Bd5 37. Bf2 Be4 38. Be3 Bd3 39. Rd2 Rf1 40. b3 Ke4
41. Bf2 0-1

[Event "7th Novi Sad it"]
[Site "Novi Sad"]
[Date "1978.10.16"]
[EventDate "1978.10.02"]
[Round "13.5"]
[White "Barczay, Laszlo"]
[Black "Popovic, Petar"]
[Result "1/2-1/2"]
[WhiteElo "2465"]
[BlackElo "2400"]
[PlyCount "45"]
[Source "Perpetual Check"]

1. e4 g6 2. d4 Bg7 3. Nf3 d6 4. c3 Nd7 5. Bc4 e6 6. O-O Ne7 7. Re1 O-O 8. Na3
b6 9. Qe2 a6 10. Bf4 Bb7 11. Bd3 e5 12. dxe5 Nxe5 13. Nxe5 dxe5 14. Bg3 Nc8 15.
Nc4 Qe7 16. Rad1 Rd8 17. f3 Nd6 18. Ne3 c6 19. Bf2 b5 20. Bc2 Bc8 21. Bb3 Be6
22. Qc2 Nb7 23. Rxd8+ 1/2-1/2

[Event "7th Novi Sad it"]
[Site "Novi Sad"]
[Date "1978.10.16"]
[EventDate "1978.10.02"]
[Round "13.6"]
[White "Planinc, Albin"]
[Black "Farago, Ivan"]
[Result "1/2-1/2"]
[WhiteElo "2430"]
[BlackElo "2510"]
[PlyCount "98"]
[Source "Perpetual Check"]

1. e4 e6 2. d4 d5 3. Nc3 Bb4 4. e5 Ne7 5. a3 Bxc3+ 6. bxc3 c5 7. Nf3 Bd7 8.
dxc5 Ba4 9. Bd3 Nd7 10. Be3 Qc7 11. O-O Nxc5 12. Bxc5 Qxc5 13. Ng5 h6 14. Qh5
g6 15. Qh4 Bd7 16. Rab1 b6 17. Rfe1 Nf5 18. Bxf5 Qe7 19. Bd3 Qxg5 20. Qd4 Rc8
21. Re3 Qe7 22. Rf3 Qxa3 23. c4 Qc5 24. Qf4 Qe7 25. cxd5 exd5 26. h4 Rc6 27.
Re1 h5 28. e6 Rxe6 29. Rxe6 Bxe6 30. Qb8+ Qd8 31. Qe5 Rg8 32. Bb5+ Ke7 33. Qf6+
Kd6 34. Qf4+ Ke7 35. Qf6+ Kd6 36. Qa1 Qc7 37. Rc3 Qb7 38. Qa3+ Ke5 39. Rc6 Rc8
40. Qc3+ d4 41. Qg3+ Kf6 42. Qf4+ Kg7 43. Qxd4+ Kh7 44. Rd6 Qe7 45. Bd3 Bg4 46.
f3 Qe1+ 47. Kh2 Qxh4+ 48. Kg1 Qe1+ 49. Kh2 Qh4+ 1/2-1/2

[Event "7th Novi Sad it"]
[Site "Novi Sad"]
[Date "1978.10.16"]
[EventDate "1978.10.02"]
[Round "13.7"]
[White "Sahovic, Dragutin"]
[Black "Nogueiras Santiago, Jesus"]
[Result "0-1"]
[WhiteElo "2490"]
[BlackElo "2385"]
[PlyCount "148"]
[Source "Perpetual Check"]

1. d4 Nf6 2. Nf3 e6 3. Bf4 b6 4. e3 Bb7 5. Nbd2 Be7 6. Bd3 O-O 7. c3 c5 8. Qe2
Nc6 9. h4 Nd5 10. dxc5 bxc5 11. Bg3 f5 12. e4 fxe4 13. Qxe4 g6 14. h5 Nf6 15.
Qe3 Nxh5 16. Qh6 Rf5 17. Bxf5 exf5 18. O-O-O Bf8 19. Qe3 Nxg3 20. fxg3 Qf6 21.
Nb3 d6 22. Ng5 h5 23. Qe6+ Qxe6 24. Nxe6 Be7 25. Rhe1 Rc8 26. Nf4 Ne5 27. Nd5
Bf8 28. Na5 Ba6 29. Kc2 Kf7 30. b3 Bb5 31. c4 Be8 32. Nf4 Rb8 33. Nd5 Ng4 34.
a3 Nf2 35. Rb1 Ne4 36. Re3 Bh6 37. Rd3 Bg7 38. Nc7 Bd7 39. Nb5 Bxb5 40. cxb5
Rxb5 41. Nc4 Ke6 42. Ne3 Bd4 43. Nf1 Be5 44. Nd2 d5 45. Nf3 Bxg3 46. Ng5+ Nxg5
47. Rxg3 Kf6 48. Rd3 Ke5 49. Rg3 Kf6 50. Rd3 d4 51. b4 Ne6 52. a4 Rb6 53. bxc5
Rc6 54. Kd1 Ke5 55. Rb8 Rxc5 56. Rb7 Ra5 57. Rb5+ Rxb5 58. axb5 Nc7 59. Rg3 Kf6
60. Rb3 g5 61. Kd2 Ke5 62. g3 Ke4 63. Rb1 Nd5 64. Ra1 Nc3 65. Rxa7 Nxb5 66. Rg7
g4 67. Rg5 Nd6 68. Rxh5 Nc4+ 69. Ke1 Ne3 70. Rh8 Kf3 71. Rd8 f4 72. gxf4 g3 73.
Rg8 g2 74. Rg7 Ng4 0-1

[Event "7th Novi Sad it"]
[Site "Novi Sad"]
[Date "1978.10.17"]
[EventDate "1978.10.02"]
[Round "14.1"]
[White "Martinovic, Slobodan"]
[Black "Notaros, Krasoje"]
[Result "1/2-1/2"]
[WhiteElo "2460"]
[BlackElo "2355"]
[PlyCount "67"]
[Source "Perpetual Check"]

1. e4 g6 2. d4 Bg7 3. Nc3 c6 4. h3 d5 5. Nf3 Nf6 6. e5 Ne4 7. Bd3 Nxc3 8. bxc3
c5 9. dxc5 Nc6 10. O-O O-O 11. Qe2 Qa5 12. Bd2 Qxc5 13. Rfb1 a6 14. Rb3 Na5 15.
Rb4 Nc4 16. Bxc4 dxc4 17. Be3 Qc6 18. Rxc4 Qb5 19. a4 Qb2 20. Rd1 Be6 21. Rb4
Qxc3 22. Rxb7 Qc6 23. Rb4 Qc3 24. Rbd4 h6 25. Qd2 Qxd2 26. Bxd2 Rfc8 27. Bb4
Rxc2 28. Bxe7 Ra2 29. Rb1 Rc8 30. Bf6 g5 31. g4 Kh7 32. Bxg7 Kxg7 33. Nd2 Rc5
34. Re1 1/2-1/2

[Event "7th Novi Sad it"]
[Site "Novi Sad"]
[Date "1978.10.17"]
[EventDate "1978.10.02"]
[Round "14.3"]
[White "Farago, Ivan"]
[Black "Sahovic, Dragutin"]
[Result "1/2-1/2"]
[WhiteElo "2510"]
[BlackElo "2490"]
[PlyCount "43"]
[Source "Perpetual Check"]

1. d4 b6 2. e4 Bb7 3. Nd2 e6 4. Ngf3 c5 5. c3 Be7 6. Bd3 d6 7. O-O Nf6 8. a3
O-O 9. Qe2 Nc6 10. b4 cxd4 11. cxd4 Re8 12. Bb2 Bf8 13. Rac1 Rc8 14. Rc2 Re7
15. Rfc1 Ne8 16. Ba6 Bxa6 17. Qxa6 Rec7 18. Qa4 Qd7 19. Qb3 Ne7 20. Rxc7 Rxc7
21. Rxc7 Nxc7 22. Qc2 1/2-1/2

[Event "7th Novi Sad it"]
[Site "Novi Sad"]
[Date "1978.10.17"]
[EventDate "1978.10.02"]
[Round "14.4"]
[White "Popovic, Petar"]
[Black "Planinc, Albin"]
[Result "0-1"]
[WhiteElo "2400"]
[BlackElo "2430"]
[PlyCount "84"]
[Source "Perpetual Check"]

1. g3 g6 2. Bg2 Bg7 3. e4 d6 4. Ne2 c6 5. O-O Nf6 6. f4 e5 7. fxe5 dxe5 8. h3
h5 9. Qe1 Nh7 10. d3 Ng5 11. Kh2 Na6 12. Be3 Nc7 13. Nd2 Nb5 14. Qf2 Be6 15.
Nb3 b6 16. a4 Nd6 17. a5 Rb8 18. axb6 axb6 19. Ra6 Nc8 20. Nd2 O-O 21. Ng1 Nh7
22. Ndf3 c5 23. Qd2 Ne7 24. Ng5 Nxg5 25. Bxg5 f6 26. Bh6 Nc6 27. Nf3 Rf7 28.
Bxg7 Kxg7 29. Nh4 Na5 30. Ra1 Bc8 31. R6xa5 bxa5 32. b3 Rb4 33. Bf3 Be6 34. Qe2
a4 35. bxa4 c4 36. dxc4 Rxc4 37. Rd1 Qc8 38. Rd2 Rfc7 39. Ng2 Rxc2 40. Ne3 Rxd2
41. Qxd2 Bxh3 42. a5 Be6 0-1

[Event "7th Novi Sad it"]
[Site "Novi Sad"]
[Date "1978.10.17"]
[EventDate "1978.10.02"]
[Round "14.5"]
[White "Geller, Efim"]
[Black "Barczay, Laszlo"]
[Result "1-0"]
[WhiteElo "2590"]
[BlackElo "2465"]
[PlyCount "41"]
[Source "Perpetual Check"]

1. e4 c5 2. Nf3 d6 3. d4 cxd4 4. Nxd4 Nf6 5. Nc3 a6 6. Be2 g6 7. O-O Bg7 8. Be3
O-O 9. Qd2 Nc6 10. a4 Re8 11. Rfd1 Bd7 12. f3 Rc8 13. Bf1 Ne5 14. Nd5 Nxd5 15.
exd5 Rc5 16. Ne6 fxe6 17. Bxc5 dxc5 18. dxe6 Nxf3+ 19. gxf3 Bd4+ 20. Kh1 Bc6
21. c3 1-0

[Event "7th Novi Sad it"]
[Site "Novi Sad"]
[Date "1978.10.17"]
[EventDate "1978.10.02"]
[Round "14.6"]
[White "Jansa, Vlastimil"]
[Black "Bjelajac, Milan"]
[Result "1/2-1/2"]
[WhiteElo "2505"]
[BlackElo "2415"]
[PlyCount "121"]
[Source "Perpetual Check"]

1. e4 c5 2. Nf3 Nc6 3. d4 cxd4 4. Nxd4 Nf6 5. Nc3 e5 6. Ndb5 d6 7. Bg5 a6 8.
Na3 Be6 9. Nc4 Rc8 10. Bxf6 gxf6 11. Ne3 Bh6 12. Ncd5 Bxe3 13. Nxe3 Qb6 14. Bd3
Qb4+ 15. Qd2 Qxd2+ 16. Kxd2 Ne7 17. Rhe1 Kd7 18. Rad1 d5 19. exd5 Nxd5 20. Nxd5
Bxd5 21. Ke3 Ke7 22. g3 h6 23. Bxa6 bxa6 24. Rxd5 Rxc2 25. Red1 Rxb2 26. Rd7+
Kf8 27. R1d2 Rxd2 28. Kxd2 Kg7 29. Rd6 a5 30. a4 Kg6 31. Rd5 Ra8 32. Ke3 Kf5
33. h3 h5 34. Rb5 h4 35. g4+ Kg6 36. f4 Rc8 37. fxe5 Rc3+ 38. Kf2 fxe5 39. Rxe5
Rxh3 40. Rxa5 Rg3 41. Rb5 Rxg4 42. a5 Ra4 43. Kg2 Ra3 44. Rc5 f5 45. Rc6+ Kg5
46. a6 Kg4 47. Rg6+ Kf4 48. Rb6 Kg5 49. Rc6 f4 50. Rb6 Kf5 51. Rc6 h3+ 52. Kh2
Kg4 53. Rg6+ Kf3 54. Rb6 Ra5 55. Rc6 Ra1 56. Rb6 Kg4 57. Rg6+ Kh5 58. Rf6 Kg5
59. Rf7 Kg4 60. Rg7+ Kf3 61. a7 1/2-1/2

[Event "7th Novi Sad it"]
[Site "Novi Sad"]
[Date "1978.10.17"]
[EventDate "1978.10.02"]
[Round "14.7"]
[White "Spiridonov, Nikola"]
[Black "Jovic, Ljubomir"]
[Result "1/2-1/2"]
[WhiteElo "2405"]
[BlackElo "2325"]
[PlyCount "84"]
[Source "Perpetual Check"]

1. Nf3 g6 2. d4 Bg7 3. c4 d6 4. Nc3 Nc6 5. d5 Ne5 6. Nxe5 Bxe5 7. e4 Bg7 8. Be2
e5 9. dxe6 fxe6 10. O-O Ne7 11. Bg5 O-O 12. c5 h6 13. cxd6 hxg5 14. dxe7 Qxe7
15. g3 a6 16. Qc2 b5 17. e5 Rf5 18. Bd3 Rxe5 19. Rae1 Bb7 20. Rxe5 Bxe5 21. Be4
c6 22. Bxg6 Rf8 23. Nd1 Bd4 24. Be4 Qf6 25. Qe2 e5 26. Ne3 Bc8 27. b3 Kg7 28.
Ng4 Qe6 29. h3 c5 30. Kg2 Bd7 31. Qd2 Qe7 32. Ne3 Be6 33. g4 Qd8 34. Nf5+ Bxf5
35. gxf5 Rh8 36. Bf3 Qf6 37. Qd3 Rf8 38. Bg4 Qc6+ 39. Bf3 Qf6 40. Be4 Rh8 41.
Bf3 Rh4 42. Bg4 Qc6+ 1/2-1/2

[Event "7th Novi Sad it"]
[Site "Novi Sad"]
[Date "1978.10.17"]
[EventDate "1978.10.02"]
[Round "14.8"]
[White "Vukic, Milan"]
[Black "Deze, Anton"]
[Result "1-0"]
[WhiteElo "2480"]
[BlackElo "2395"]
[PlyCount "51"]
[Source "Perpetual Check"]

1. d4 d5 2. c4 e6 3. Nf3 Nf6 4. g3 dxc4 5. Bg2 b5 6. Ne5 Nd5 7. a4 c6 8. O-O
Bb7 9. b3 cxb3 10. axb5 cxb5 11. Qxb3 a6 12. e4 Nf6 13. d5 exd5 14. exd5 Bd6
15. Nc6 Qc7 16. Re1+ Kf8 17. Ba3 Nbd7 18. Rc1 Rc8 19. Nd2 g6 20. Na7 Nc5 21.
Nxc8 Nxb3 22. Rxc7 Nxa1 23. Nxd6 Bxd5 24. Nxf7+ Kg7 25. Nxh8+ Kxh8 26. Bb2 1-0

[Event "7th Novi Sad it"]
[Site "Novi Sad"]
[Date "1978.10.19"]
[EventDate "1978.10.02"]
[Round "15.1"]
[White "Deze, Anton"]
[Black "Martinovic, Slobodan"]
[Result "0-1"]
[WhiteElo "2395"]
[BlackElo "2460"]
[PlyCount "148"]
[Source "Perpetual Check"]

1. c4 g6 2. e4 Bg7 3. d4 d6 4. Nc3 Nf6 5. f3 c6 6. Be3 a6 7. Bd3 b5 8. e5 Nfd7
9. f4 bxc4 10. Bxc4 Nb6 11. Bb3 a5 12. Nf3 O-O 13. O-O Na6 14. Ng5 Nc7 15. Nge4
Ncd5 16. Nxd5 cxd5 17. Nc3 Ba6 18. Rf2 e6 19. Na4 Bb5 20. Nxb6 Qxb6 21. Qd2
Rfc8 22. Bd1 Ra7 23. Rc1 Rxc1 24. Qxc1 Rc7 25. Qd2 h5 26. Qe1 Bd3 27. exd6 Rd7
28. Qc3 Be4 29. Bc2 Rxd6 30. Bxe4 dxe4 31. Rd2 Rc6 32. Qa3 Qb5 33. b3 Rc3 34.
Kf2 h4 35. Qb2 Rd3 36. h3 f5 37. Qc2 Rxd2+ 38. Qxd2 Qd5 39. Qc3 g5 40. Qc8+ Kh7
41. fxg5 f4 42. Bxf4 Bxd4+ 43. Ke2 Bc5 44. Qa6 Qd4 45. Qc4 Qf2+ 46. Kd1 Qg1+
47. Kc2 Qxg2+ 48. Kb1 Qg1+ 49. Kc2 Qf2+ 50. Kb1 Qxf4 51. Qxc5 Kg6 52. Qe7 Qf1+
53. Kc2 Qd3+ 54. Kb2 Qd4+ 55. Kc2 Qd3+ 56. Kb2 Qd2+ 57. Kb1 Qe1+ 58. Kc2 Qf2+
59. Kc3 Qf3+ 60. Kc2 Qg2+ 61. Kb1 Qh1+ 62. Kc2 Qh2+ 63. Kc1 Qf4+ 64. Kc2 Qh2+
65. Kb1 Qe5 66. Qf6+ Qxf6 67. gxf6 Kxf6 68. Kc2 Ke5 69. a3 Kf4 70. Kd2 Kg3 71.
Ke3 Kxh3 72. b4 axb4 73. axb4 Kg4 74. b5 h3 0-1

[Event "7th Novi Sad it"]
[Site "Novi Sad"]
[Date "1978.10.19"]
[EventDate "1978.10.02"]
[Round "15.2"]
[White "Jovic, Ljubomir"]
[Black "Vukic, Milan"]
[Result "1/2-1/2"]
[WhiteElo "2325"]
[BlackElo "2480"]
[PlyCount "89"]
[Source "Perpetual Check"]

1. e4 c6 2. d4 d5 3. e5 Bf5 4. Ne2 e6 5. Nf4 c5 6. dxc5 Bxc5 7. Bd3 Ne7 8. g4
Bxd3 9. Nxd3 Bb6 10. h4 Nd7 11. h5 h6 12. Nc3 a6 13. Bf4 Rc8 14. Ne2 Qc7 15. c3
Qc4 16. Rh3 Qe4 17. f3 Qc4 18. Qd2 a5 19. Be3 Bc7 20. f4 Nc6 21. Nd4 Bb6 22. b3
Qa6 23. a4 Bxd4 24. Bxd4 Nxd4 25. cxd4 Qb6 26. Nc1 f6 27. Ne2 fxe5 28. fxe5 O-O
29. Rc1 Rxc1+ 30. Qxc1 Qd8 31. Qe3 Rf7 32. Rg3 Qh4 33. g5 hxg5 34. Qxg5 Qxg5
35. Rxg5 Nf8 36. Rg3 Kh7 37. Rc3 Kh6 38. Rc5 Kxh5 39. Rxa5 g5 40. Ra7 Rd7 41.
a5 Kg4 42. b4 Kf3 43. Kd2 Ke4 44. b5 g4 45. b6 1/2-1/2

[Event "7th Novi Sad it"]
[Site "Novi Sad"]
[Date "1978.10.19"]
[EventDate "1978.10.02"]
[Round "15.3"]
[White "Bjelajac, Milan"]
[Black "Spiridonov, Nikola"]
[Result "0-1"]
[WhiteElo "2415"]
[BlackElo "2405"]
[PlyCount "85"]
[Source "Perpetual Check"]

1. e4 c5 2. c3 e6 3. Nf3 d5 4. e5 Qb6 5. d4 Bd7 6. Be2 cxd4 7. cxd4 Bb5 8. O-O
Bxe2 9. Qxe2 Ne7 10. Nc3 Nbc6 11. a3 Nc8 12. b4 Qd8 13. Na4 Nb6 14. Nc5 Qc7 15.
Be3 Nc4 16. Nd2 Nxd2 17. Qxd2 Bxc5 18. dxc5 d4 19. Bf4 Rd8 20. Rfe1 O-O 21. Re4
Rd5 22. Rae1 Rfd8 23. Bg5 Ne7 24. Rg4 Kf8 25. Ree4 d3 26. Rg3 h6 27. Bxe7+ Kxe7
28. Rxg7 Rxe5 29. Re3 Rxe3 30. fxe3 Qe5 31. Rg4 Qa1+ 32. Kf2 Qxa3 33. Rd4 Rd5
34. Rxd5 exd5 35. Ke1 Qb3 36. Kf2 Qc2 37. Ke1 Qb1+ 38. Qd1 Qxb4+ 39. Kf2 Qb2+
40. Kg3 Qe2 41. Qc1 d2 42. Qc3 d4 43. Qxd4 0-1

[Event "7th Novi Sad it"]
[Site "Novi Sad"]
[Date "1978.10.19"]
[EventDate "1978.10.02"]
[Round "15.4"]
[White "Barczay, Laszlo"]
[Black "Jansa, Vlastimil"]
[Result "1/2-1/2"]
[WhiteElo "2465"]
[BlackElo "2505"]
[PlyCount "29"]
[Source "Perpetual Check"]

1. Nf3 Nf6 2. g3 g6 3. b3 Bg7 4. Bb2 O-O 5. Bg2 d6 6. d4 c6 7. O-O a5 8. a4 Bf5
9. Nbd2 Na6 10. Re1 d5 11. Ne5 Nb4 12. Rc1 Na2 13. Ra1 Nb4 14. Rc1 Na2 15. Ra1
1/2-1/2

[Event "7th Novi Sad it"]
[Site "Novi Sad"]
[Date "1978.10.19"]
[EventDate "1978.10.02"]
[Round "15.5"]
[White "Planinc, Albin"]
[Black "Geller, Efim"]
[Result "0-1"]
[WhiteElo "2430"]
[BlackElo "2590"]
[PlyCount "122"]
[Source "Perpetual Check"]

1. e4 e5 2. Nf3 Nc6 3. Bb5 a6 4. Ba4 Nf6 5. O-O Be7 6. Re1 b5 7. Bb3 O-O 8. c3
d6 9. h3 Bb7 10. d4 Re8 11. Nbd2 Bf8 12. Bc2 Nb8 13. a4 Nbd7 14. Bd3 c6 15. b4
Nb6 16. a5 Nbd7 17. Bb2 g6 18. Qc2 Rc8 19. Rad1 exd4 20. cxd4 c5 21. dxc5 dxc5
22. e5 cxb4 23. Qb1 Nc5 24. Bc2 Nfd7 25. e6 Rxe6 26. Rxe6 Nxe6 27. Ne4 Bxe4 28.
Bxe4 Qc7 29. Rc1 Qb8 30. Rd1 Rd8 31. Bd5 Ndc5 32. Ne5 Re8 33. Ng4 Be7 34. Ba1
h5 35. Ne5 Kh7 36. Nxf7 Qf4 37. Ne5 Qf5 38. Qxb4 Bf6 39. Bxe6 Nxe6 40. g4 Qc2
41. Rd7+ Kg8 42. Qb2 Qxb2 43. Bxb2 Nf4 44. Nxg6 Re1+ 45. Kh2 Bxb2 46. Nxf4 Be5
47. Kg2 Bxf4 48. Kf3 Be5 49. gxh5 b4 50. Rb7 Bc3 51. Kg4 Re5 52. Rb8+ Kf7 53.
Rb7+ Kf8 54. Rb8+ Ke7 55. h6 Rxa5 56. h7 Rb5 57. Rc8 Bf6 58. Rc6 Rb8 59. Kf5
Bh8 60. Rxa6 b3 61. Re6+ Kf7 0-1

[Event "7th Novi Sad it"]
[Site "Novi Sad"]
[Date "1978.10.19"]
[EventDate "1978.10.02"]
[Round "15.6"]
[White "Sahovic, Dragutin"]
[Black "Popovic, Petar"]
[Result "1-0"]
[WhiteElo "2490"]
[BlackElo "2400"]
[PlyCount "77"]
[Source "Perpetual Check"]

1. d4 Nf6 2. c4 g6 3. Nc3 Bg7 4. e4 d6 5. Nf3 O-O 6. Be2 Bg4 7. O-O Nfd7 8. Be3
Nc6 9. d5 Bxf3 10. Bxf3 Na5 11. Qa4 c6 12. Be2 a6 13. dxc6 bxc6 14. Rac1 Nc5
15. Qc2 Bxc3 16. Qxc3 Nxe4 17. Qd4 Nf6 18. b4 Nb7 19. Bh6 Re8 20. Bf3 Qd7 21.
b5 axb5 22. cxb5 c5 23. Qb2 Reb8 24. Bc6 Qc7 25. Rfe1 Ra4 26. Qe2 Nd8 27. b6
Qxc6 28. Qxe7 Ne6 29. Rxe6 Nd5 30. Qxd6 Qxd6 31. Rxd6 Nxb6 32. Rxc5 Rxa2 33. g3
Raa8 34. Rc7 Ra1+ 35. Kg2 Raa8 36. h4 f5 37. Rf6 Nd5 38. Rg7+ Kh8 39. Rff7 1-0

[Event "7th Novi Sad it"]
[Site "Novi Sad"]
[Date "1978.10.19"]
[EventDate "1978.10.02"]
[Round "15.8"]
[White "Notaros, Krasoje"]
[Black "Nogueiras Santiago, Jesus"]
[Result "1/2-1/2"]
[WhiteElo "2355"]
[BlackElo "2385"]
[PlyCount "62"]
[Source "Perpetual Check"]

1. f4 d5 2. Nf3 Nf6 3. e3 Bg4 4. Be2 Nbd7 5. b3 Bxf3 6. Bxf3 e5 7. fxe5 Nxe5 8.
Bb2 Bd6 9. Nc3 c6 10. Qe2 O-O 11. O-O Re8 12. g3 Nxf3+ 13. Qxf3 Qd7 14. Ne2 Ne4
15. Rad1 Be5 16. Bxe5 Rxe5 17. Nd4 g6 18. Qg2 f5 19. Rf4 Rae8 20. Rdf1 c5 21.
Nf3 R5e7 22. g4 fxg4 23. Qxg4 Qxg4+ 24. Rxg4 Rf7 25. c4 dxc4 26. bxc4 Rd7 27.
d4 Nf6 28. Rf4 Nh5 29. Ne5 Rd6 30. Rg4 Ra6 31. Rg2 Ra3 1/2-1/2